Wavelet methods for pointwise regularity and local oscillations of functions

Αποθηκεύτηκε σε:
Λεπτομέρειες βιβλιογραφικής εγγραφής
Κύριος συγγραφέας: Jaffard, Stephane 1962-
Άλλοι συγγραφείς: Meyer, Yves
Μορφή: Βιβλίο
Γλώσσα:English
Δημοσίευση: Providence, Rhode island : American Mathematical Society, c1996
Σειρά:Memoirs of the American Mathematical Society ; ; 587
Θέματα:
Ετικέτες: Προσθήκη ετικέτας
Δεν υπάρχουν, Καταχωρήστε ετικέτα πρώτοι!

MARC

LEADER 00000nam a2200000 i 4500
001 1/92081
008 991109s1996 eng d
020 |a 0821804758 
035 |l 10053892 
040 |a GR-MY-UA  |b gre  |e aacr 
041 0 |a eng 
082 0 |a 515.84 
100 1 |a Jaffard, Stephane  |d 1962- 
245 1 0 |a Wavelet methods for pointwise regularity and local oscillations of functions /  |c Stephane Jaffard, Yves Meyer 
260 |a Providence, Rhode island :   |b American Mathematical Society,   |c c1996 
300 |a ix, 110 p.;  |c 26 cm. 
490 1 |a Memoirs of the American Mathematical Society  |v ; 587 
500 |a Includes bibliographical references and index 
500 |a Volume 123, number 587 (second of 4 numbers) 
650 0 0 |a Wavelets (Mathematics) 
650 0 0 |a Littlewood-Paley theory. 
650 0 0 |a Microlocal analysis. 
650 0 0 |a Signal processing  |x Mathematics. 
700 1 |a Meyer, Yves. 
830 0 |a Memoirs of the American Mathematical Society ;  |v ; 587 
852 |a INST  |b SAMOS  |e 19991109  |h 515.84 JAF  |p 005300016798  |q 005300016798  |t BK  |y 0 
901 |a BIBL3-1999-3 
909 |a Σ  |b 067468 
922 |a 3ΕΛΗ  |b 199911  |c ΕΠΕΑΕΚ/ΜΑΘ  |d ΠΑΠΑΣΩΤΗΡΙΟΥ 
970 |a ΓΕΝΟΥΖΟΥ  |b ΧΡΥΣΑΝΘΗ  |z 1999/11/09